00409nam a2200157Ia 4500003000400000008004100004040001600045082002200061100001800083245005000101700001900151260004900170300000900219650001300228650001000241GCL140319s9999 xx 000 0 eng d aGCL / cGCL04aCH.b823.087bJ I1 aJAMES, KENNTH10aINSPECTOR THACKERAY ARRIVES / cJAMES, KENNTH1 aRIDLEY, TREVOR a[S.N] : bLONGMAN GROUP UK LIMITED ، c1983 a46 P04aCHILDREN04aTALES